| Поле | Название | Значение |
| |
Тип записи |
a |
| |
Библиографический уровень |
m |
| 001 |
Контрольный номер |
RU\infra-m\znanium\bibl\2102676 |
| 005 |
Дата корректировки |
20240827142104.0 |
| 008 |
Кодируемые данные |
230928s2023 RU g rus u |
| 020 |
Индекс ISBN |
__ |
| a |
ISBN |
978-5-16-019265-9 |
| 020 |
Индекс ISBN |
__ |
| a |
ISBN |
978-5-16-111966-2 (электр. издание) |
| 040 |
Источник каталогиз. |
__ |
| a |
Служба первич. каталог. |
Общество с ограниченной ответственностью «ЗНАНИУМ» |
| 041 |
Код языка издания |
__ |
| a |
Код языка текста |
rus |
| 044 |
Код страны публикации |
__ |
| a |
Код страны публикации |
RU |
| 080 |
Индекс УДК |
__ |
| a |
Индекс УДК |
621.432(075.8) |
| 084 |
Индекс другой классификации/Индекс ББК |
__ |
| 2 |
Источник индекса |
rubbk |
| a |
Индекс другой классификации/Индекс ББК |
31.365я73 |
| 084 |
Индекс другой классификации/Индекс ББК |
__ |
| 2 |
Источник индекса |
okso |
| a |
Индекс другой классификации/Индекс ББК |
23.03.02 |
| 100 |
Автор |
__ |
| a |
Автор |
Вальехо М.П. |
| q |
Полное имя |
Вальехо Мальдонадо Пабло Рамон |
| u |
Дополнение |
Российский университет дружбы народов |
| 245 |
Заглавие |
__ |
| a |
Заглавие |
Расчет кинематики и динамики рядных поршневых двигателей |
| b |
Продолж. заглавия |
Учебное пособие |
| c |
Ответственность |
Российский университет дружбы народов; Московский государственный технический университет им. Н.Э. Баумана |
| 250 |
Сведения об издании |
__ |
| a |
Основные сведения об издании |
1 |
| 260 |
Выходные данные |
__ |
| a |
Место издания |
Москва |
| b |
Издательство |
ООО "Научно-издательский центр ИНФРА-М" |
| c |
Дата издания |
2024 |
| 300 |
Физическое описание |
__ |
| a |
Объем |
259 с. |
| 440 |
Серия |
__ |
| a |
Серия |
Высшее образование |
| 520 |
Аннотация |
__ |
| a |
Аннотация |
В учебном пособии рассмотрены кинематика и динамика рядных поршневых двигателей внутреннего сгорания с аксиальным и дезаксиальным кривошипно-шатунным механизмом. Приведен необходимый материал для расчета сил и моментов действующих в двигателе рассмотрены уравновешивание двигателей построение векторных диаграмм давления на подшипники коленчатого вала приведены примеры расчетов. Соответствует требованиям федеральных государственных образовательных стандартов высшего образования последнего поколения. Для студентов высших учебных заведений обучающихся по направлению подготовки «Энергетическое машиностроение». |
| 521 |
Примеч. о цел. назн. |
__ |
| a |
Примеч. о целев. назн. |
ВО - Бакалавриат |
| 650 |
Тематические рубрики |
__ |
| a |
Основная рубрика |
Промышленность. Энергетика |
| x |
Основная подрубрика |
Электроэнергетика. Электротехника |
| 655 |
Указ. предметных рубрик (устаревшее) |
__ |
| a |
Жанр/ форма (устаревшее) |
Учебное пособие |
| 700 |
Другие авторы |
__ |
| a |
Другие авторы |
Чайнов Н.Д. |
| q |
Полное имя |
Чайнов Николай Дмитриевич |
| u |
Дополнение |
Московский государственный технический университет им. Н.Э. Баумана |
| 856 |
Электронный адрес документа |
4_ |
| a |
Имя сервера/домена |
znanium.com |
| m |
Помощь |
ebs_support@infra-m.ru |
| n |
Местонахождение сервера |
НИЦ ИНФРА-М |
| u |
URL |
https://znanium.com/catalog/document?id=435302 |
| 856 |
Электронный адрес документа |
48 |
| a |
Имя сервера/домена |
znanium.com |
| d |
Путь |
/cover/2102 |
| f |
Электронное имя |
2102676.jpg |
| q |
Тип электронного формата |
image/jpeg |
| u |
URL |
https://znanium.com/cover/2102/2102676.jpg |
| 911 |
|
__ |
| u |
|
0030=https://znanium.com/catalog/document?id=435302 |
| 911 |
|
__ |
| u |
|
712a=Московский государственный технический университет им. Н.Э. Баумана |